Most Literate Nations of the World - Statistics

General Stats
  • This quiz has been taken 50 times
  • The average score is 17 of 20
Answer Stats
Rank Nation % Correct
1 F Finland
100%
4 D Denmark
95%
2 N Norway
95%
5 S Sweden
95%
3 I Iceland
93%
7 U United States
93%
17 U United Kingdom
91%
8 G Germany
88%
16 A Australia
86%
12 F France
86%
11 C Canada
84%
10 N Netherlands
84%
6 S Switzerland
84%
14 E Estonia
79%
20 P Poland
79%
18 B Belgium
77%
9 L Latvia
77%
13 L Luxembourg
74%
15 N New Zealand
70%
19 I Israel
47%
No matching quizzes found
Score Distribution
Percent of People with Each Score
Percentile by Number Answered
Your Score History
You have not taken this quiz